书目信息 |
| 题名: |
神经经济学分析基础
|
|
| 作者: | 格莱姆齐 著 ;贾拥民 译 | |
| 分册: | ||
| 出版信息: | 杭州 浙江大学出版社 2016 |
|
| 页数: | 504页 | |
| 开本: | 24cm | |
| 丛书名: | 神经科学与社会丛书 | |
| 单 册: | ||
| 中图分类: | F069.9 | |
| 科图分类: | ||
| 主题词: | 行为经济学--hang wei jing ji xue--研究 | |
| 电子资源: | ||
| ISBN: | 978-7-308-15779-7 | |
| 000 | 01260nam0 22002891 450 | |
| 001 | 387801 | |
| 005 | 20170502165545.0 | |
| 010 | @a978-7-308-15779-7@b精装@dCNY98.00 | |
| 100 | @a20161025d2016 em y0chiy50 ea | |
| 101 | 1 | @achi@ceng |
| 102 | @aCN@b330000 | |
| 105 | @aa z 001yy | |
| 106 | @ar | |
| 200 | 1 | @a神经经济学分析基础@9shen jing jing ji xue fen xi ji chu@dFoundations of neuroeconomic analysis@f(美)保罗·W. 格莱姆齐(Paul W. Glimcher)著@g贾拥民译@zeng |
| 210 | @a杭州@c浙江大学出版社@d2016 | |
| 215 | @a504页@c图@d24cm | |
| 225 | 2 | @a神经科学与社会丛书@9shen jing ke xue yu she hui cong shu@f唐孝威,罗卫东主编 |
| 300 | @a浙江大学文科高水平学术著作出版基金 中央高校基本科研业务费专项基金资助 | |
| 330 | @a本书分来自神经经济学的挑战、选择机制、估价、总结和结论四部分。具体内容包括:站在新时代的门槛上、各学科融合的认识论限制、随机性以及效用与选择的分离、价值问题等。 | |
| 461 | 0 | @12001 @a神经科学与社会丛书 |
| 510 | 1 | @aFoundations of neuroeconomic analysis@zeng |
| 606 | 0 | @a行为经济学@9hang wei jing ji xue@x研究 |
| 690 | @aF069.9@v5 | |
| 701 | 0 | @c(美)@a格莱姆齐@9ge lai mu qi@c(Glimcher, Paul W.)@4著 |
| 702 | 0 | @a贾拥民@9jia yong min@f(1971~)@4译 |
| 801 | 0 | @aCN@b百万庄@c20170308 |
| 905 | @b1004068-73@dF069.9@e148@f6 | |
| 神经经济学分析基础=Foundations of neuroeconomic analysis/(美)保罗·W. 格莱姆齐(Paul W. Glimcher)著/贾拥民译.-杭州:浙江大学出版社,2016 |
| 504页:图;24cm.-(神经科学与社会丛书/唐孝威,罗卫东主编) |
| 浙江大学文科高水平学术著作出版基金 中央高校基本科研业务费专项基金资助 |
| ISBN 978-7-308-15779-7(精装):CNY98.00 |
| 本书分来自神经经济学的挑战、选择机制、估价、总结和结论四部分。具体内容包括:站在新时代的门槛上、各学科融合的认识论限制、随机性以及效用与选择的分离、价值问题等。 |
| ● |
| 相关链接 |
|
|
|
|
正题名:神经经济学分析基础
索取号:F069.9/148
 
预约/预借
| 序号 | 登录号 | 条形码 | 馆藏地/架位号 | 状态 | 备注 |
| 1 | 1004068 | 210040686 | 第一样本阅览室/ [索取号:F069.9/148] | 在馆 | |
| 2 | 1004069 | 210040695 | 教育系资料室/ [索取号:F069.9/148] | 在馆 | |
| 3 | 1004070 | 210040702 | 教育系资料室/ [索取号:F069.9/148] | 在馆 | |
| 4 | 1004071 | 210040711 | 教育系资料室/ [索取号:F069.9/148] | 在馆 | |
| 5 | 1004072 | 210040720 | 第一借阅区/ [索取号:F069.9/148] | 在馆 | |
| 6 | 1004073 | 210040739 | 第一借阅区/ [索取号:F069.9/148] | 在馆 |